La práctica del sistema de compensación / (Record no. 39000)

MARC details
000 -LEADER
campo de control de longitud fija 00721nam a2200193 i 4500
001 - NÚMERO DE CONTROL
campo de control 39000
003 - IDENTIFICADOR DE NÚMERO DE CONTROL
campo de control ES-MaACL
005 - FECHA Y HORA DE LA ÚLTIMA TRANSACCIÓN
campo de control 20250827022413.0
007 - CAMPO FIJO DE DESCRIPCIÓN FÍSICA--INFORMACIÓN GENERAL
campo de control de longitud fija t|
008 - DATOS DE LONGITUD FIJA--INFORMACIÓN GENERAL
campo de control de longitud fija 030227s1972 sp ||||1| spa d
100 1# - ENTRADA PRINCIPAL--NOMBRE DE PERSONA
Nombre de persona Busquets Cuevas, José María.
9 (RLIN) 32846
245 13 - MENCIÓN DEL TÍTULO
Título La práctica del sistema de compensación /
Mención de responsabilidad, etc. José María Busquests Cuevas ; prólogo: Antonio Carceller Fernández.
260 ## - PUBLICACIÓN, DISTRIBUCIÓN, ETC.
Lugar de publicación, distribución, etc. Madrid :
Nombre del editor, distribuidor, etc. Instituto de Estudio de Administración Local,
Fecha de publicación, distribución, etc. 1972.
300 ## - DESCRIPCIÓN FÍSICA
Extensión 189 p. :
Otras características físicas 2 plan. pleg. ;
Dimensiones 24 cm.
700 1# - ENTRADA AGREGADA--NOMBRE PERSONAL
Nombre de persona Carceller Fernández, Antonio.
9 (RLIN) 35104
710 2# - ENTRADA AGREGADA--NOMBRE DE ENTIDAD CORPORATIVA
Nombre de entidad corporativa o nombre de jurisdicción como elemento de entrada Instituto de Estudios de Administración Local (España)
9 (RLIN) 4893
852 ## - LOCALIZACIÓN
Ubicación ES-MaACL
Número de control de estantería C-42591
Sublocalización o colección R.80778
Holdings
Estatus retirado Estado de pérdida Estado de daño No para préstamo Biblioteca de origen Biblioteca actual Ubicación en estantería Fecha de adquisición Fuente de adquisición Total de préstamos Signatura topográfica completa Código de barras Visto por última vez Precio de reemplazo Tipo de ítem Koha
        Biblioteca del Ateneo de Madrid Biblioteca del Ateneo de Madrid Depósito 2 17/01/2008     C-42591 1041069 23/02/2023 23/02/2023 Libro impreso